Black Ops 2 Guns Name - Statistics

General Stats
  • This quiz has been taken 539 times
  • The average score is 15 of 38
Answer Stats
Answer % Correct
dsr
76%
an94
73%
ballista
71%
msmc
59%
mp7
58%
pdw
56%
svu
51%
fal
49%
five seven
48%
scar
48%
xpr
48%
b23r
47%
m8a1
47%
mtar
46%
tac
46%
ksg
45%
kap
44%
lsat
43%
skorpion
41%
m27
40%
vector
39%
rpg
38%
chicom
37%
crossbow
34%
executioner
34%
smr
34%
swat
33%
type 25
32%
hamr
29%
mk48
24%
m1216
23%
r870
22%
smaw
20%
assault shield
14%
qbb
14%
fhj
10%
r12
3%
ballistic kinfe
0%
No matching quizzes found
Score Distribution
Percent of People with Each Score
Percentile by Number Answered
Your Score History
You have not taken this quiz